Двигатели внутреннего сгорания: устройство и работа поршневых и комбинированных двигателей; учебник для вузов

Бібліографічні деталі
Інші автори: Алексеев В. П. Валентин Петрович, Воронин В. Ф. Вячеслав Филиппович, Грехов Л. В. Леонид Вадимович, Ефимов С. И.
Мова:Російська
Опубліковано: Москва, Машиностроение, 1990
Редагування:4-е изд., перераб. и доп.
Предмети:
Формат: MixedMaterials Книга
KOHA link:https://koha.lib.tpu.ru/cgi-bin/koha/opac-detail.pl?biblionumber=246440

MARC

LEADER 00000nam0a2200000 4500
001 246440
005 20231101232215.0
010 |a 5217001178 
020 |a RU  |b 90-48791 
035 |a (RuTPU)RU\TPU\book\267890 
090 |a 246440 
100 |a 20131204d1990 m a0rusy5003 ca 
101 0 |a rus 
102 |a RU 
105 |a a j 001zy 
200 1 |a Двигатели внутреннего сгорания  |e устройство и работа поршневых и комбинированных двигателей   |e учебник для вузов  |f В. П. Алексеев [и др.] 
205 |a 4-е изд., перераб. и доп. 
210 |a Москва  |c Машиностроение  |d 1990 
215 |a 288 с.  |c ил. 
320 |a Предм. указ.: с. 280-283. 
606 1 |a Поршневые двигатели  |2 stltpush  |3 (RuTPU)RU\TPU\subj\50891  |9 69520 
610 1 |a двигатели внутреннего сгорания 
610 1 |a устройство 
610 1 |a работа 
610 1 |a учебные пособия 
610 1 |a конструкции 
610 1 |a агрегаты 
610 1 |a воздухоснабжение 
675 |a 621.432(075.8)  |z rus 
701 1 |a Алексеев  |b В. П.  |g Валентин Петрович 
701 1 |a Воронин  |b В. Ф.  |g Вячеслав Филиппович 
701 1 |a Грехов  |b Л. В.  |g Леонид Вадимович 
701 1 |a Ефимов  |b С. И. 
801 0 |a RU  |b RuMRKP  |c 19950417  |g psbo 
801 1 |a RU  |b 63413507  |c 20131204 
801 2 |a RU  |b 63413507  |c 20131220  |g RCR 
942 |c BK